[Event "FICGS class A 000115 email"]
[Site "FICGS email"]
[Date "2012.02.16"]
[Round "1"]
[White "Martinez, Chapo"]
[Black "Shaw, Michael"]
[Result "1/2-1/2"]
[WhiteElo "2011"]
[BlackElo "2000"]
[PlyCount "86"]
[EventDate "2012.??.??"]
[EventType "tourn (corr)"]
[EventRounds "6"]
[SourceTitle "Corr 2022"]
[Source "ChessBase"]
[SourceDate "2021.10.24"]
[SourceVersion "1"]
[SourceVersionDate "2021.10.24"]
[SourceQuality "1"]

1. d4 Nf6 2. c4 e6 3. Nf3 b6 4. g3 Ba6 5. Qa4 Bb7 6. Bg2 c5 7. 0-0 cxd4 8. Nxd4 Bxg2 9. Kxg2 Bc5 10. Rd1 0-0 11. Nc3 h6 12. Bf4 g5 13. Bc1 Qc7 14. Ndb5 Qc6+ 15. f3 a6 16. Nd6 Rd8 17. Qxc6 dxc6 18. Nde4 Rxd1 19. Nxf6+ Kg7 20. Nxd1 Kxf6 21. Bd2 Nd7 22. Nf2 Ke7 23. Bc3 a5 24. b3 Bb4 25. Bb2 a4 26. Nd3 Bd6 27. b4 c5 28. b5 a3 29. Bc3 f6 30. Rc1 Ra4 31. Kf2 h5 32. Ba1 Bb8 33. e3 Be5 34. Nxe5 Nxe5 35. Bxe5 fxe5 36. Ke2 e4 37. fxe4 Kd6 38. Kd3 Ke5 39. h4 gxh4 40. gxh4 Ra8 41. Rc3 Rd8+ 42. Ke2 Kxe4 43. Rxa3 Rg8 1/2-1/2

[Event "FICGS class A 000115 email"]
[Site "FICGS email"]
[Date "2012.02.16"]
[Round "1"]
[White "Panov, Dmitriy"]
[Black "Shaw, Michael"]
[Result "1/2-1/2"]
[WhiteElo "2019"]
[BlackElo "2000"]
[PlyCount "72"]
[EventDate "2012.??.??"]
[EventType "tourn (corr)"]
[EventRounds "6"]
[SourceTitle "Corr 2022"]
[Source "ChessBase"]
[SourceDate "2021.10.24"]
[SourceVersion "1"]
[SourceVersionDate "2021.10.24"]
[SourceQuality "1"]

1. e4 c5 2. c3 Nf6 3. e5 Nd5 4. d4 cxd4 5. cxd4 d6 6. Nf3 Nc6 7. Bc4 dxe5 8. dxe5 Ndb4 9. Qb3 e6 10. 0-0 Na5 11. Qa4+ Bd7 12. Bb5 Bxb5 13. Qxb5+ Nac6 14. Nc3 a6 15. Qa4 Be7 16. a3 b5 17. Qd1 Qxd1 18. Rxd1 Nc2 19. Rb1 b4 20. axb4 N2xb4 21. Ne4 Rd8 22. Be3 Nd3 23. Ra1 0-0 24. Bb6 Rd7 25. Rxa6 Ndxe5 26. Rxd7 Nxd7 27. Be3 Rc8 28. g3 h6 29. Kg2 Nde5 30. Nxe5 Nxe5 31. Rb6 Nc4 32. Rb7 Nxe3+ 33. fxe3 Kf8 34. Kf3 f5 35. Nf2 Kf7 36. e4 Rc2 1/2-1/2

[Event "FICGS class A 000115 email"]
[Site "FICGS email"]
[Date "2012.02.16"]
[Round "1"]
[White "Shaw, Michael"]
[Black "Larwinski, Paul"]
[Result "1/2-1/2"]
[WhiteElo "2000"]
[BlackElo "2158"]
[PlyCount "50"]
[EventDate "2012.??.??"]
[EventType "tourn (corr)"]
[EventRounds "6"]
[SourceTitle "Corr 2022"]
[Source "ChessBase"]
[SourceDate "2021.10.24"]
[SourceVersion "1"]
[SourceVersionDate "2021.10.24"]
[SourceQuality "1"]

1. Nf3 Nf6 2. c4 e6 3. g3 d5 4. d4 Bb4+ 5. Bd2 Be7 6. Bg2 0-0 7. 0-0 c6 8. Qc2 Nbd7 9. Bf4 b6 10. Rd1 Bb7 11. b3 c5 12. Nc3 dxc4 13. bxc4 cxd4 14. Rxd4 Bc5 15. Rd3 Qc8 16. h3 Re8 17. Ne5 Bxg2 18. Kxg2 Nxe5 19. Bxe5 Nd7 20. Bd4 Qc6+ 21. f3 Bf8 22. Qa4 Rac8 23. Rc1 Qxa4 24. Nxa4 Rc7 25. f4 e5 1/2-1/2

[Event "FICGS class A 000115 email"]
[Site "FICGS email"]
[Date "2012.02.16"]
[Round "1"]
[White "Shaw, Michael"]
[Black "Puzanov, Vasyl"]
[Result "1-0"]
[WhiteElo "2000"]
[BlackElo "2140"]
[PlyCount "45"]
[EventDate "2012.??.??"]
[EventType "tourn (corr)"]
[EventRounds "6"]
[SourceTitle "Corr 2022"]
[Source "ChessBase"]
[SourceDate "2021.10.24"]
[SourceVersion "1"]
[SourceVersionDate "2021.10.24"]
[SourceQuality "1"]

1. Nf3 Nf6 2. c4 c5 3. g3 Nc6 4. Bg2 e6 5. 0-0 d5 6. d4 Be7 7. cxd5 exd5 8. dxc5 Bxc5 9. Bg5 0-0 10. Nc3 Be6 11. Rc1 Be7 12. Nd4 Rc8 13. Nxe6 fxe6 14. Bh3 Qd7 15. e4 d4 16. Qb3 Kf7 17. Nd5 Nxe4 18. Bxe7 Nxe7 19. Qf3+ Nf6 20. Nf4 Rxc1 21. Rxc1 Nf5 22. Bxf5 exf5 23. Qb3+ 1-0

[Event "FICGS class C 000167 email"]
[Site "FICGS email"]
[Date "2012.02.15"]
[Round "1"]
[White "Shaw, Michael"]
[Black "Faust, Dieter"]
[Result "1-0"]
[WhiteElo "2000"]
[BlackElo "1821"]
[PlyCount "101"]
[EventDate "2012.??.??"]
[EventType "tourn (corr)"]
[EventRounds "1"]
[SourceTitle "Corr 2022"]
[Source "ChessBase"]
[SourceDate "2021.10.24"]
[SourceVersion "1"]
[SourceVersionDate "2021.10.24"]
[SourceQuality "1"]

1. Nf3 c6 2. c4 Nf6 3. d4 d5 4. Nc3 e6 5. g3 dxc4 6. Bg2 Nbd7 7. 0-0 b5 8. Qc2 a6 9. Rd1 Bb7 10. Ne5 Nd5 11. Ne4 Nb4 12. Qd2 Nxe5 13. dxe5 Qxd2 14. Bxd2 Rd8 15. Nd6+ Bxd6 16. exd6 Nd5 17. Ba5 Rd7 18. e4 Nf6 19. f3 0-0 20. a4 h6 21. Bb6 Kh7 22. Kf2 g5 23. a5 Kg6 24. Ra3 Rh8 25. b3 cxb3 26. Rxb3 h5 27. Rc3 h4 28. Rc5 Rh6 29. Re5 Ne8 30. Be3 hxg3+ 31. hxg3 Rxd6 32. Rxg5+ Kh7 33. Rxd6 Nxd6 34. Rc5 Rg6 35. Bf1 f6 36. Rh5+ Kg7 37. Bh3 Bc8 38. Rc5 Bd7 39. Bxe6 Bxe6 40. Rxc6 f5 41. Rxd6 Bc8 42. Rd8 Rc6 43. exf5 Bxf5 44. Rb8 Kf6 45. Bd4+ Ke6 46. g4 Bc2 47. f4 Kd5 48. Bb2 Rg6 49. Rd8+ Rd6 50. Rxd6+ Kxd6 51. f5 1-0

[Event "FICGS rapid A 000121 email"]
[Site "FICGS email"]
[Date "2012.02.11"]
[Round "1"]
[White "Panov, Dmitriy"]
[Black "Shaw, Michael"]
[Result "1/2-1/2"]
[WhiteElo "2019"]
[BlackElo "2000"]
[PlyCount "92"]
[EventDate "2012.??.??"]
[EventType "tourn (rapid)"]
[EventRounds "6"]
[SourceTitle "Corr 2022"]
[Source "ChessBase"]
[SourceDate "2021.10.24"]
[SourceVersion "1"]
[SourceVersionDate "2021.10.24"]
[SourceQuality "1"]

1. e4 c5 2. c3 Nf6 3. e5 Nd5 4. d4 cxd4 5. cxd4 d6 6. Nf3 Nc6 7. Bc4 dxe5 8. dxe5 Ndb4 9. Qb3 e6 10. 0-0 Na5 11. Qa4+ Bd7 12. Bb5 Bxb5 13. Qxb5+ Nac6 14. Nc3 a6 15. Qa4 b5 16. Qd1 Be7 17. a3 Qxd1 18. Rxd1 Nc2 19. Rb1 b4 20. axb4 N2xb4 21. Be3 0-0 22. Ne4 Rfd8 23. Rbc1 Rxd1+ 24. Rxd1 Nd5 25. Bd2 Rb8 26. Rc1 Ncb4 27. Ne1 f6 28. exf6 gxf6 29. Kf1 Na2 30. Rc2 Kf7 31. b3 Nab4 32. Rc4 Rb6 33. Ke2 e5 34. g3 Nc6 35. Nc2 Ke6 36. f4 Nb8 37. fxe5 fxe5 38. Na1 Nc6 39. Nc2 h5 40. Nc3 Nxc3+ 41. Bxc3 a5 42. Bd2 Kd5 43. Ne3+ Kd6 44. Bxa5 Nxa5 45. Ra4 Nxb3 46. Nc4+ Kc6 1/2-1/2

[Event "FICGS rapid A 000121 email"]
[Site "FICGS email"]
[Date "2012.02.11"]
[Round "1"]
[White "Shaw, Michael"]
[Black "Kastidis, Gerd"]
[Result "1-0"]
[WhiteElo "2000"]
[BlackElo "1914"]
[PlyCount "55"]
[EventDate "2012.??.??"]
[EventType "tourn (rapid)"]
[EventRounds "6"]
[SourceTitle "Corr 2022"]
[Source "ChessBase"]
[SourceDate "2021.10.24"]
[SourceVersion "1"]
[SourceVersionDate "2021.10.24"]
[SourceQuality "1"]

1. d4 Nf6 2. c4 e6 3. g3 Bb4+ 4. Bd2 Qe7 5. Nf3 0-0 6. Bg2 Nc6 7. Nc3 d6 8. 0-0 e5 9. Nd5 Nxd5 10. cxd5 Bxd2 11. Qxd2 Nxd4 12. Nxd4 exd4 13. Rfc1 Bf5 14. Qxd4 Qxe2 15. Rxc7 b6 16. Bf1 Qe4 17. Qxe4 Bxe4 18. Bg2 Rfe8 19. Bxe4 Rxe4 20. Rac1 g6 21. Rd7 a5 22. Rcc7 Rf8 23. Rxd6 Rb4 24. Rc2 Re8 25. Kg2 Rd4 26. Rc7 Re5 27. Rf6 Rexd5 28. Rfxf7 1-0

[Event "FICGS W-ch st1 g06 email"]
[Site "FICGS email"]
[Date "2012.02.02"]
[Round "1"]
[White "Cirovic, Zeljko"]
[Black "Shaw, Michael"]
[Result "0-1"]
[WhiteElo "1498"]
[BlackElo "2000"]
[PlyCount "30"]
[EventDate "2012.??.??"]
[EventType "tourn (corr)"]
[EventRounds "8"]
[SourceTitle "Corr 2022"]
[Source "ChessBase"]
[SourceDate "2021.10.24"]
[SourceVersion "1"]
[SourceVersionDate "2021.10.24"]
[SourceQuality "1"]

1. e4 c5 2. f4 d5 3. exd5 Nf6 4. c4 e6 5. Nc3 exd5 6. cxd5 Nxd5 7. Nxd5 Qxd5 8. Nf3 Be7 9. d4 Nc6 10. Bb5 0-0 11. Bxc6 Qxc6 12. Be3 cxd4 13. Qxd4 Rd8 14. Qc3 Qe4 15. Ke2 Bf6 0-1

[Event "FICGS W-ch st1 g06 email"]
[Site "FICGS email"]
[Date "2012.02.02"]
[Round "1"]
[White "Faust, Dieter"]
[Black "Shaw, Michael"]
[Result "0-1"]
[WhiteElo "1821"]
[BlackElo "2000"]
[PlyCount "112"]
[EventDate "2012.??.??"]
[EventType "tourn (corr)"]
[EventRounds "8"]
[SourceTitle "Corr 2022"]
[Source "ChessBase"]
[SourceDate "2021.10.24"]
[SourceVersion "1"]
[SourceVersionDate "2021.10.24"]
[SourceQuality "1"]

1. d4 Nf6 2. c4 e6 3. Nf3 b6 4. a3 Bb7 5. Nc3 d5 6. cxd5 Nxd5 7. e3 Be7 8. Bb5+ c6 9. Bd3 Nxc3 10. bxc3 0-0 11. 0-0 c5 12. e4 Nc6 13. Bb2 Na5 14. Re1 Qc7 15. Qe2 Rac8 16. Rad1 Bf6 17. Nd2 g6 18. e5 Be7 19. Ne4 Rfd8 20. dxc5 Bxe4 21. cxb6 Qxb6 22. Bxe4 Nc4 23. Rxd8+ Rxd8 24. Bc1 Nxe5 25. Bc2 Bf6 26. Rd1 Rc8 27. Be3 Qa5 28. Bd4 Nd7 29. Bb3 Bxd4 30. cxd4 Kg7 31. a4 Qb4 32. Qb5 Rb8 33. Qxb4 Rxb4 34. Bc2 Rc4 35. Rd2 Rc3 36. Kf1 Nb6 37. g3 Nc4 38. Re2 a5 39. Ke1 Kf6 40. f4 Ra3 41. Kf2 h6 42. Ke1 h5 43. Kf2 Nb6 44. Re5 Ra2 45. Re2 Nxa4 46. Bxa4 Rxa4 47. Rd2 Ra1 48. d5 exd5 49. Rxd5 a4 50. Ra5 Ke6 51. Kf3 a3 52. Kf2 Kd6 53. Kf3 Kc6 54. Kf2 Kb6 55. Ra8 Kb5 56. Ra7 Kb4 0-1

[Event "FICGS W-ch st1 g06 email"]
[Site "FICGS email"]
[Date "2012.02.02"]
[Round "1"]
[White "Runose, Michael"]
[Black "Shaw, Michael"]
[Result "1/2-1/2"]
[WhiteElo "2113"]
[BlackElo "2000"]
[PlyCount "48"]
[EventDate "2012.??.??"]
[EventType "tourn (corr)"]
[EventRounds "8"]
[SourceTitle "Corr 2022"]
[Source "ChessBase"]
[SourceDate "2021.10.24"]
[SourceVersion "1"]
[SourceVersionDate "2021.10.24"]
[SourceQuality "1"]

1. d4 Nf6 2. c4 e6 3. Nf3 b6 4. g3 Ba6 5. b3 Bb4+ 6. Bd2 Be7 7. Bg2 c6 8. Bc3 d5 9. Nbd2 Nbd7 10. 0-0 0-0 11. Re1 c5 12. e4 dxe4 13. Nxe4 Nxe4 14. Rxe4 Bb7 15. Re2 Bf6 16. Rd2 Qe7 17. Qe2 Rfd8 18. Rad1 Rac8 19. Ne5 Bxg2 20. Kxg2 cxd4 21. Bxd4 Nxe5 22. Bxe5 Rxd2 23. Rxd2 Rd8 24. Rxd8+ Qxd8 1/2-1/2

[Event "FICGS theme 0001 email"]
[Site "FICGS email"]
[Date "2012.02.01"]
[Round "1"]
[White "Parmet, Daniel Edward"]
[Black "Shaw, Michael"]
[Result "1-0"]
[WhiteElo "2083"]
[BlackElo "2000"]
[PlyCount "51"]
[EventDate "2012.??.??"]
[EventType "swiss (corr)"]
[EventRounds "1"]
[SourceTitle "Corr 2022"]
[Source "ChessBase"]
[SourceDate "2021.10.24"]
[SourceVersion "1"]
[SourceVersionDate "2021.10.24"]
[SourceQuality "1"]

1. f4 e5 2. fxe5 d6 3. exd6 Bxd6 4. Nf3 Nf6 5. g3 Nc6 6. Bg2 Bg4 7. 0-0 Qe7 8. c3 0-0-0 9. d4 Rhe8 10. e3 h5 11. Qc2 Qd7 12. Ng5 h4 13. gxh4 Rh8 14. Qf2 Be6 15. h3 Bc4 16. Rd1 Nh7 17. Nxh7 Rxh7 18. b3 Ba6 19. Nd2 Rdh8 20. Nf3 Rh5 21. e4 Kb8 22. Be3 b6 23. a4 Bb7 24. b4 f6 25. a5 Qe8 26. c4 1-0